00430cam a2200157 a 4500020001500000040000800015082002600023100001700049245004600066250001100112260003900123300003400162650002300196650002300219650003000242 a0791802221 cDLC00a628 ASM 2005 C147 Or.1 aLiu, Paul I.10aEnergy, technology, and the environment / a1st ed aNew York, NY :bASME Press,cc2005 axvii, 271 p. :bill. ;c26 cm 0aEnergy development 0aEnergy consumption 0aEnvironmental engineering